| 000 | 00859cam a2200217 a 4500 | ||
|---|---|---|---|
| 040 | _cDLC | ||
| 082 | 0 | 0 | _a639 SOC 1974 A040 Or. |
| 245 | 0 | 0 | _aManuel d'instruction et de prefectionnement des agents des services des pêches maritimes des pays tropicaux, |
| 260 |
_aParis, _bSociété centrale pour l'équipement du territoire-international, _cc1974- |
||
| 300 |
_av. <1 >, _bill., _c24 cm. |
||
| 500 | _aCover title: Manuel des pêches maritimes tropicales. | ||
| 500 | _aAt head of title: République française, Ministère de la coopération, Direction de l'aide au developpement. | ||
| 650 | 0 | _aFisheries | |
| 650 | 0 | _aFisheries | |
| 700 | 1 | _aJamet, J. | |
| 700 | 1 | _aLagoin, Y. | |
| 700 | 1 | _aMoal, Roland A. | |
| 710 | 1 | _aFrance. | |
| 710 | 2 | _aSociété centrale pour l'équipement du territoire international. [from old catalog] | |
| 942 | _cFB | ||
| 999 |
_c11864 _d11864 |
||